Loading...
| Social Science | 0 | 7 | 0 | 1 | 70 | 95 | 116.00 | 0 | 1 | 0.00 | 0.00 |
| History - World | 0 | 5 | 0 | 1 | 50 | 86 | 109.60 | 0 | 1 | 0.00 | 0.00 |
| History - American | 0 | 5 | 2 | 1 | 40 | 68 | 111.40 | 0 | 1 | 0.00 | 0.00 |
| Science - Chemistry | 0 | 3 | 0 | 0 | 30 | 99 | 117.33 | 0 | 0 | 0.00 | 0.00 |
| Other Academic | 0 | 3 | 0 | 0 | 30 | 95 | 117.00 | 0 | 0 | 0.00 | 0.00 |
| Any History | 0 | 2 | 0 | 1 | 20 | 129 | 133.50 | 0 | 0 | 0.00 | 0.00 |
| Science - Physics | 0 | 2 | 0 | 1 | 20 | 112 | 125.50 | 0 | 0 | 0.00 | 0.00 |
| History - European | 0 | 2 | 1 | 1 | 15 | 92 | 117.00 | 0 | 0 | 0.00 | 0.00 |
| Current Events | 0 | 2 | 1 | 0 | 15 | 34 | 60.00 | 0 | 1 | 0.00 | 0.00 |
| Philosophy | 0 | 1 | 0 | 0 | 10 | 133 | 133.00 | 0 | 0 | 0.00 | 0.00 |
| Science - Biology | 0 | 1 | 0 | 1 | 10 | 135 | 135.00 | 0 | 0 | 0.00 | 0.00 |
| Fine Arts - Other | 0 | 1 | 0 | 0 | 10 | 136 | 136.00 | 0 | 0 | 0.00 | 0.00 |
| Literature - American | 0 | 1 | 0 | 0 | 10 | 129 | 129.00 | 0 | 0 | 0.00 | 0.00 |
| Mythology | 0 | 1 | 0 | 0 | 10 | 123 | 123.00 | 0 | 0 | 0.00 | 0.00 |
| Science - Other | 0 | 0 | 1 | 0 | -5 | 0.00 | 0 | 0 | 0.00 | 0.00 | |
| Literature - British | 0 | 0 | 1 | 0 | -5 | 0.00 | 0 | 0 | 0.00 | 0.00 |